书目信息 |
| 题名: |
土木工程(专业)概论
|
|
| 作者: | 罗福午 主编 | |
| 分册: | ||
| 出版信息: | 武汉 武汉工业大学出版社 2005.07 |
|
| 页数: | 216页 | |
| 开本: | 30cm | |
| 丛书名: | ||
| 单 册: | ||
| 中图分类: | TU173 | |
| 科图分类: | ||
| 主题词: | 土木工程--高等学校--教材 , 土木工程 , 计算机应用--建筑 | |
| 电子资源: | ||
| ISBN: | 7-5629-1670-5 | |
| 000 | 00734nam0 2200277 45 | |
| 001 | 1238802327 | |
| 005 | 20201022080153.68 | |
| 009 | (011001)c2001044785 | |
| 010 | @a7-5629-1670-5@dCNY26.00 | |
| 035 | @a(011001)c2001044785 | |
| 100 | @a20010511d2005 em y0chiy0110 ea | |
| 101 | 0 | @achi |
| 102 | @aCN@b420000 | |
| 105 | @ay z 000yy | |
| 200 | 1 | @a土木工程(专业)概论@f罗福午主编 |
| 205 | @a3版 | |
| 210 | @a武汉@c武汉工业大学出版社@d2005.07 | |
| 215 | @a216页@d30cm | |
| 300 | @a普通高等学校土木工程专业新编系列教材 | |
| 606 | 0 | @a土木工程@x高等学校@j教材 |
| 606 | 0 | @a土木工程 |
| 606 | 0 | @a计算机应用@x建筑 |
| 690 | @aTU173@v4 | |
| 701 | 0 | @a罗福午@4主编 |
| 801 | 0 | @aCN@c20050106 |
| 905 | @a10447@dTU173@eL930=3 | |
| 土木工程(专业)概论/罗福午主编.-3版.-武汉:武汉工业大学出版社,2005.07 |
| 216页;30cm |
| 普通高等学校土木工程专业新编系列教材 |
| ISBN 7-5629-1670-5:CNY26.00 |
| ● |
| 相关链接 |
|
|
|
正题名:土木工程(专业)概论
索取号:TU173/L930=3
 
预约/预借
| 序号 | 登录号 | 条形码 | 馆藏地/架位号 | 状态 | 备注 |
| 1 | 1349730 | 213497303 | 建筑库101/101建筑库 26排4列4层/ [索取号:TU173/L930=3] | 在馆 | |
| 2 | 485427 | 204854274 | 土木与交通工程学院资料室/ [索取号:TU173/L930=3] | 在馆 |